000
00304 a2200145 4500
001
180586
020
_a
040
_c
Magnum
100
_a
Lutzenberger, José
240
1
0
_a
Gaia o planeta vivo
_l
por
245
1
0
_a
Gaia o planeta vivo
362
0
_a
1899
697
_a
MAGNITO: ECOLOGIA
942
_c
BK
999
_c
180586
_d
180586